[Event "Santa Cruz de Tenerife Verano op"]
[Site "Santa Cruz de Tenerife"]
[Date "2018.08.20"]
[Round "1"]
[White "Gonzalez Acosta, Alberto"]
[Black "Mendez Acosta, Alexander Jesus"]
[Result "0-1"]
[WhiteElo "1474"]
[BlackElo "2002"]
[PlyCount "76"]
[EventDate "2018.08.20"]
[EventType "swiss"]
[EventRounds "9"]
[EventCountry "ESP"]
[SourceTitle "CBM 186 Extra"]
[Source "ChessBase"]
[SourceDate "2018.08.24"]
[SourceVersion "1"]
[SourceVersionDate "2018.08.24"]
[SourceQuality "1"]

1. d4 Nf6 2. c4 g6 3. Nc3 Bg7 4. e4 d6 5. Nf3 0-0 6. Be2 e5 7. Bg5 Nbd7 8. dxe5 dxe5 9. Qc2 c6 10. Rd1 Qc7 11. 0-0 h6 12. Bh4 a5 13. Qd2 Re8 14. Qd6 Qxd6 15. Rxd6 g5 16. Bg3 Nc5 17. Rfd1 Nfxe4 18. Nxe4 Nxe4 19. Rd8 Bg4 20. Rxa8 Rxa8 21. h3 Nxg3 22. fxg3 Be6 23. Ne1 Bf6 24. g4 Rd8 25. Rxd8+ Bxd8 26. Nc2 Kf8 27. Bd3 Ke7 28. Kf1 Kd6 29. Ke2 Bb6 30. b3 Bd4 31. Be4 b5 32. Kd3 bxc4+ 33. bxc4 Kc5 34. a3 Bxc4+ 35. Kd2 Bd5 36. Kd3 Bxe4+ 37. Kxe4 Kc4 38. Ne1 Kb3 0-1